[Event "1. jun. liga - 2017."]
[Site "Sv. Filip i Jakov, TN "]
[Date "2017.04.19"]
[Round "2.3"]
[White "Erenda, Bruno"]
[Black "Pahljina, Marko"]
[Result "1-0"]
[WhiteElo "2091"]
[BlackElo "1922"]
[PlyCount "125"]
[EventDate "2017.04.18"]

1. d4 d6 2. c4 Nf6 3. Nc3 Nbd7 4. e4 e5 5. Nge2 Be7 6. g3 O-O 7. Bg2 c6 8. O-O
Qc7 9. h3 a5 10. Be3 h6 11. Qc2 exd4 12. Nxd4 Nc5 13. b3 Re8 14. f4 Bf8 15.
Rfe1 Bd7 16. Rad1 Rad8 17. Bf2 Bc8 18. g4 Ne6 19. Nde2 Rd7 20. Rd2 Nc5 21. Ng3
Rdd8 22. Red1 Qe7 23. Bxc5 dxc5 24. e5 Rxd2 25. Rxd2 Nh7 26. Be4 g6 27. Re2 Bg7
28. Kg2 Nf8 29. Rd2 Ne6 30. Nce2 Rd8 31. Qd1 Rxd2 32. Qxd2 Qd7 33. Qxd7 Bxd7
34. f5 gxf5 35. gxf5 Ng5 36. f6 Bxh3+ 37. Kh2 Bf8 38. Nf4 Bg4 39. Kg2 Bd7 40.
Kf2 b5 41. Ke3 Be8 42. Bf5 Kh8 43. Nge2 h5 44. Nxh5 Bh6 45. Nhf4 Ne6 46. Ke4
Bd7 47. Nxe6 Bxe6 48. Bxe6 fxe6 49. Nf4 Bxf4 50. Kxf4 Kg8 51. Kg5 Kf7 52. Kh6
bxc4 53. bxc4 a4 54. a3 Kf8 55. Kg6 Kg8 56. f7+ Kf8 57. Kh6 Kxf7 58. Kh7 Kf8
59. Kg6 Ke7 60. Kg7 Ke8 61. Kf6 Kd7 62. Kf7 Kd8 63. Kxe6 1-0

[Event "1. jun. liga - 2017."]
[Site "Sv. Filip i Jakov, TN "]
[Date "2017.04.19"]
[Round "2.3"]
[White "Mainenti, Kevin"]
[Black "Balen, Teo"]
[Result "1/2-1/2"]
[WhiteElo "1816"]
[BlackElo "1995"]
[PlyCount "53"]
[EventDate "2017.04.18"]

1. e4 c5 2. Nf3 Nc6 3. Bb5 g6 4. Nc3 Bg7 5. O-O e5 6. d3 Nge7 7. Nd5 a6 8. Bc4
h6 9. a4 O-O 10. Be3 d6 11. c3 Kh7 12. d4 cxd4 13. cxd4 Nxd5 14. Bxd5 Qe8 15.
dxe5 dxe5 16. Bc5 Rh8 17. Qb3 f5 18. Rac1 Bf8 19. exf5 gxf5 20. Rfe1 Bxc5 21.
Rxc5 e4 22. Bxc6 bxc6 23. Rxc6 Rg8 24. Rc7+ Rg7 25. Rxg7+ Kxg7 26. Qc3+ Kh7 27.
Qc7+ 1/2-1/2

[Event "1. jun. liga - 2017."]
[Site "Sv. Filip i Jakov, TN "]
[Date "2017.04.19"]
[Round "2.3"]
[White "Cavlovic, Viktor"]
[Black "Purini, Bruno"]
[Result "1-0"]
[WhiteElo "1723"]
[BlackElo "1267"]
[PlyCount "39"]
[EventDate "2017.04.18"]

1. e4 e5 2. Nf3 Nc6 3. Bc4 Bc5 4. c3 Nf6 5. d3 d5 6. exd5 Nxd5 7. Qb3 Nf4 8.
Bxf7+ Kf8 9. Bxf4 exf4 10. O-O Qf6 11. Bd5 g6 12. d4 Bb6 13. Nbd2 Kg7 14. Ne4
Qe7 15. Rfe1 Na5 16. Qc2 c6 17. Neg5 Qd6 18. Be6 h6 19. Nh4 Kf8 20. Nxg6+ 1-0

[Event "1. jun. liga - 2017."]
[Site "Sv. Filip i Jakov, TN "]
[Date "2017.04.19"]
[Round "2.4"]
[White "Muha, Miljenko"]
[Black "Plenca, Jadranko"]
[Result "0-1"]
[WhiteElo "2268"]
[BlackElo "2431"]
[PlyCount "96"]
[EventDate "2017.04.18"]

1. d4 Nf6 2. c4 e6 3. Nc3 Bb4 4. e3 O-O 5. Bd3 d5 6. Nge2 dxc4 7. Bxc4 e5 8.
O-O exd4 9. exd4 Nc6 10. Bg5 h6 11. Bh4 Be7 12. Re1 Bf5 13. Rc1 a6 14. a3 Bh7
15. Bb3 Nh5 16. Bxe7 Nxe7 17. d5 Qd7 18. Qd4 Nf6 19. Red1 Rfd8 20. Qb4 Rab8 21.
Ng3 Bg6 22. Nf1 Qd6 23. Qa4 b5 24. Qa5 b4 25. axb4 Qxb4 26. Qxb4 Rxb4 27. Bc2
Rxb2 28. Bxg6 Nxg6 29. Ne3 Rd7 30. Na4 Rb5 31. g3 Ne7 32. Nc3 Rc5 33. Kg2 Rd6
34. Kf3 Kf8 35. Ne4 Nxe4 36. Kxe4 Rxc1 37. Rxc1 c6 38. Ke5 Rf6 39. f4 cxd5 40.
f5 Rb6 41. Rc7 Rb4 42. Kd6 Re4 43. Nc2 d4 44. Kd7 d3 45. Rb7 f6 46. Rb8+ Kf7
47. Na3 d2 48. Nc4 Rxc4 0-1

[Event "1. jun. liga - 2017."]
[Site "Sv. Filip i Jakov, TN "]
[Date "2017.04.19"]
[Round "2.4"]
[White "Krsnik Cohar, Ivan Vihor"]
[Black "Starcevic, Ante Leon"]
[Result "1/2-1/2"]
[WhiteElo "2324"]
[BlackElo "2120"]
[PlyCount "127"]
[EventDate "2017.04.18"]

1. d4 Nf6 2. Bg5 g6 3. Nd2 Bg7 4. c3 O-O 5. e4 d6 6. Ngf3 h6 7. Bh4 c5 8. dxc5
dxc5 9. Bc4 Nc6 10. Qe2 Qc7 11. O-O Nh5 12. Rfe1 Na5 13. Bd3 Nf4 14. Qe3 Nxd3
15. Qxd3 Be6 16. Rad1 Rad8 17. Qc2 Rd7 18. Bg3 Qb6 19. Be5 f6 20. Bf4 Rfd8 21.
Be3 Qc6 22. Nh4 Kh7 23. f4 Nc4 24. f5 gxf5 25. exf5 Nxe3 26. Rxe3 Bf7 27. Nhf3
h5 28. Rde1 Bh6 29. R3e2 Rg8 30. Kh1 Rg7 31. b3 Bf4 32. c4 Qc7 33. Ne4 h4 34.
Nxh4 Bxh2 35. Qc3 Be5 36. Qe3 Bh5 37. Nf3 Bg3 38. Rf1 b6 39. Nc3 Bf7 40. Kg1
Kg8 41. Qe4 Qf4 42. Qa8+ Qb8 43. Qxb8+ Bxb8 44. Rd2 Rxd2 45. Nxd2 Be5 46. Ne2
Bh5 47. Nf3 Bd6 48. Nc3 Bg4 49. Nh2 Bh5 50. Nd5 Rg3 51. Re1 Kf7 52. Nf1 Rg5 53.
Nfe3 Be5 54. Rf1 Be2 55. Rf2 Bd3 56. g4 Bd4 57. Kh2 Be4 58. Re2 Rg8 59. Kg3 Rh8
60. Ng2 Be5+ 61. Kf2 Bd4+ 62. Kg3 Be5+ 63. Kf2 Bd4+ 64. Kg3 1/2-1/2

[Event "1. jun. liga - 2017."]
[Site "Sv. Filip i Jakov, TN "]
[Date "2017.04.19"]
[Round "2.4"]
[White "Blazeka, Mihaela"]
[Black "Cvitan, Ena"]
[Result "1-0"]
[WhiteElo "2037"]
[BlackElo "2170"]
[PlyCount "109"]
[EventDate "2017.04.18"]

1. d4 Nf6 2. c4 e6 3. Nf3 Bb4+ 4. Bd2 Qe7 5. Nc3 O-O 6. g3 b6 7. Bg2 Bb7 8. O-O
d5 9. cxd5 exd5 10. Qb3 c5 11. a3 Bxc3 12. bxc3 c4 13. Qc2 Ne4 14. Ne5 Nd6 15.
Rae1 f6 16. Ng4 Ne4 17. Bc1 f5 18. Ne5 Nd7 19. f3 Nd6 20. Bf4 Nf6 21. h4 Nh5
22. Bg5 Qc7 23. Kh2 h6 24. Bc1 Qd8 25. Bh3 f4 26. Be6+ Nf7 27. Bxf4 Nxf4 28.
Nxf7 Rxf7 29. Bxf7+ Kxf7 30. Qf5+ Kg8 31. Qxf4 Qe7 32. Qc1 Rf8 33. e3 Bc8 34.
Qb2 Qd7 35. Qg2 Qe7 36. a4 Qa3 37. Qc2 Bd7 38. Ra1 Qe7 39. e4 Qe6 40. Qg2 dxe4
41. fxe4 Rxf1 42. Rxf1 Bxa4 43. Qf3 Qe7 44. Qf5 Bd7 45. Qd5+ Be6 46. Qa8+ Kh7
47. Rf8 Bd7 48. Rh8+ Kg6 49. Qd5 Be6 50. h5+ Kf7 51. Qe5 a5 52. Qf4+ Qf6 53.
Rb8 a4 54. Rb7+ Kg8 55. Qxf6 1-0

[Event "1. jun. liga - 2017."]
[Site "Sv. Filip i Jakov, TN "]
[Date "2017.04.19"]
[Round "2.4"]
[White "Duda, Daniel"]
[Black "Markovic, Franjo-Josip"]
[Result "1-0"]
[WhiteElo "1857"]
[BlackElo "1979"]
[PlyCount "115"]
[EventDate "2017.04.18"]

1. d4 Nf6 2. c4 g6 3. Nc3 d5 4. cxd5 Nxd5 5. e4 Nxc3 6. bxc3 Bg7 7. Bc4 c5 8.
Ne2 Nc6 9. Be3 O-O 10. O-O Na5 11. Bd3 b6 12. Qd2 e5 13. Bh6 cxd4 14. cxd4 exd4
15. Bxg7 Kxg7 16. f4 f6 17. Qb2 Qd6 18. Rae1 Nc6 19. Ng3 Bg4 20. h3 Bd7 21. Qe2
Rae8 22. Qf3 Nb4 23. Rf2 a6 24. Rd1 Rd8 25. Rb2 Nxd3 26. Rxd3 Bb5 27. Rdd2 d3
28. f5 g5 29. h4 gxh4 30. Nh5+ Kh8 31. Qg4 Rg8 32. Qxh4 Rg5 33. Nf4 Rc8 34. Kh2
Rc1 35. g3 Qd4 36. Rg2 Bd7 37. Qh6 Rg7 38. Nh5 Rf7 39. Qxc1 Qxe4 40. Qf4 Qxf4
41. Nxf4 b5 42. g4 Bc6 43. Rg3 Re7 44. Rxd3 Re1 45. Ne6 h5 46. gxh5 Kh7 47. Kg3
Rg1+ 48. Kf4 Rf1+ 49. Kg4 Kh6 50. Rg3 Be4 51. Nf4 b4 52. Rxb4 Bc2 53. Rd4 Bd1+
54. Kh4 Rh1+ 55. Nh3 Rf1 56. Rg6+ Kh7 57. Rd7+ Kh8 58. Rxf6 1-0

[Event "1. jun. liga - 2017."]
[Site "Sv. Filip i Jakov, TN "]
[Date "2017.04.20"]
[Round "3.1"]
[White "Plenca, Jadranko"]
[Black "Jambresic, Filip"]
[Result "1-0"]
[WhiteElo "2431"]
[BlackElo "1966"]
[PlyCount "84"]
[EventDate "2017.04.18"]

1. Nf3 Nf6 2. g3 c5 3. c4 Nc6 4. Bg2 d6 5. d4 cxd4 6. Nxd4 Bd7 7. O-O g6 8. b3
Bg7 9. Bb2 O-O 10. Nc3 Qc8 11. Re1 Ng4 12. e3 Nge5 13. f4 Ng4 14. Nd5 Re8 15.
Rc1 Nxd4 16. Bxd4 e5 17. Bb2 f5 18. h3 Nh6 19. Qd2 Nf7 20. a4 Bc6 21. a5 Qd8
22. b4 a6 23. Nb6 Rb8 24. Bd5 Bxd5 25. Nxd5 Qd7 26. Kf2 Qc6 27. Kg1 Qd7 28. Kh2
Qc6 29. Qc3 Re6 30. Qb3 Qd7 31. Red1 exf4 32. gxf4 Nd8 33. Bxg7 Qxg7 34. Rc2
Rc8 35. c5 dxc5 36. Nb6 c4 37. Rxc4 Rb8 38. Rcd4 Qe7 39. Rxd8+ Rxd8 40. Rxd8+
Qxd8 41. Qxe6+ Kh8 42. Qe5+ Kg8 1-0

[Event "1. jun. liga - 2017."]
[Site "Sv. Filip i Jakov, TN "]
[Date "2017.04.20"]
[Round "3.1"]
[White "Golub, Nikolina"]
[Black "Krsnik Cohar, Ivan Vihor"]
[Result "0-1"]
[WhiteElo "1881"]
[BlackElo "2324"]
[PlyCount "106"]
[EventDate "2017.04.18"]

1. e4 c6 2. Nc3 d5 3. d4 dxe4 4. Nxe4 Qc7 5. Nf3 Bg4 6. Be2 Nd7 7. h3 Bf5 8.
Ng3 Bg6 9. c3 e6 10. Bd3 Ngf6 11. Qe2 Nd5 12. Ne4 Nf4 13. Bxf4 Qxf4 14. Qe3 Qc7
15. O-O Be7 16. Rad1 O-O 17. b3 Rad8 18. c4 Qa5 19. Bb1 Rfe8 20. Qf4 Nf6 21.
Rd2 Nh5 22. Qe5 Bb4 23. Qxa5 Bxa5 24. Rdd1 Nf4 25. Nc5 Re7 26. Bxg6 hxg6 27. a3
Bc3 28. Na4 Bxd4 29. Nxd4 Rxd4 30. Rxd4 Ne2+ 31. Kh2 Nxd4 32. Rb1 b6 33. b4 e5
34. c5 b5 35. Nc3 f5 36. a4 a6 37. a5 Kf7 38. Rb2 Rd7 39. f3 Ne6 40. Ne2 Rd3
41. Nc1 Rd1 42. Ne2 Nc7 43. Nc3 Rd3 44. Ne2 Nd5 45. Nc1 Rd1 46. Ne2 Ke6 47. h4
Ra1 48. Ng3 Ra4 49. h5 gxh5 50. Nxh5 g6 51. Ng3 Rxb4 52. Rxb4 Nxb4 53. Kg1 Nd3
0-1

[Event "1. jun. liga - 2017."]
[Site "Sv. Filip i Jakov, TN "]
[Date "2017.04.20"]
[Round "3.1"]
[White "Cvitan, Ena"]
[Black "Rickovic, Tomislav"]
[Result "1-0"]
[WhiteElo "2170"]
[BlackElo "1636"]
[PlyCount "77"]
[EventDate "2017.04.18"]

1. d4 d5 2. c4 c6 3. cxd5 cxd5 4. Nc3 Nc6 5. e4 e6 6. e5 Bb4 7. Nf3 Nge7 8. Bd3
Qc7 9. O-O a6 10. Ne2 Ng6 11. Qc2 Bd7 12. h4 Rc8 13. h5 Nf8 14. Bd2 h6 15. Rac1
Bxd2 16. Qxd2 Nh7 17. Bxh7 Rxh7 18. b4 b5 19. Nf4 Qb6 20. Qb2 Rh8 21. Nd3 Ke7
22. Nc5 Ra8 23. Rc3 Rhc8 24. Rfc1 Nd8 25. Qc2 Nb7 26. Qh7 Rg8 27. Nh4 a5 28. a3
axb4 29. axb4 Nxc5 30. dxc5 Qc7 31. c6 Bxc6 32. Rxc6 Qxe5 33. Rc7+ Kf6 34. Nf3
Qxh5 35. Qd3 Rab8 36. Qd4+ Kg6 37. g4 Qh3 38. Qd3+ Kf6 39. Rxf7+ 1-0

[Event "1. jun. liga - 2017."]
[Site "Sv. Filip i Jakov, TN "]
[Date "2017.04.20"]
[Round "3.1"]
[White "Mesar, Vedran"]
[Black "Duda, Daniel"]
[Result "1/2-1/2"]
[WhiteElo "1504"]
[BlackElo "1857"]
[PlyCount "162"]
[EventDate "2017.04.18"]

1. e4 c5 2. Nf3 e6 3. d4 cxd4 4. Nxd4 a6 5. Nc3 Qc7 6. a3 b5 7. Bd3 Nf6 8. Bg5
b4 9. Nce2 bxa3 10. bxa3 Be7 11. Qd2 Bb7 12. Ng3 d5 13. exd5 Nxd5 14. O-O O-O
15. Bxe7 Nxe7 16. Rab1 Rd8 17. Nde2 Nbc6 18. Rfd1 Rd7 19. Ne4 Ne5 20. Qb4 Nxd3
21. cxd3 Bxe4 22. dxe4 Rad8 23. Rxd7 Qxd7 24. f3 Nc6 25. Qb2 f6 26. Nc3 Qd4+
27. Kf1 Qd3+ 28. Ne2 Rb8 29. Qxb8+ Nxb8 30. Rxb8+ Kf7 31. Rb7+ Kf8 32. Rb8+ Ke7
33. Rb7+ Kd6 34. Rxg7 Qxa3 35. Rxh7 Qc5 36. Ke1 a5 37. Rh8 a4 38. Rd8+ Ke7 39.
Rd2 a3 40. Kd1 Qc4 41. Nc1 Qa4+ 42. Ke1 Qa5 43. Kd1 Qc5 44. h3 Qb4 45. Na2 Qb3+
46. Kc1 Kf7 47. Rc2 Qe3+ 48. Rd2 Kg6 49. Kc2 Qc5+ 50. Kb1 Kg5 51. Nc1 Qb4+ 52.
Kc2 Kh4 53. Kd1 Kg3 54. Na2 Qb3+ 55. Kc1 Kh2 56. Rc2 Qe3+ 57. Rd2 Qc5+ 58. Kd1
Kg1 59. Nc1 Qb4 60. Na2 Qb1+ 61. Nc1 Kh2 62. Re2 Kg3 63. Ra2 Qb4 64. Rd2 Qa4+
65. Rc2 Kf4 66. Na2 Ke3 67. Kc1 Qa5 68. Rc3+ Kf2 69. Rc2+ Kg3 70. Kd1 e5 71.
Rd2 Kf4 72. Re2 Qd8+ 73. Ke1 Qd3 74. Nc1 Qc3+ 75. Kd1 Kg5 76. Na2 Qa1+ 77. Nc1
Qd4+ 78. Kc2 Qb2+ 79. Kd1 Qd4+ 80. Kc2 Qb2+ 81. Kd1 Qd4+ 1/2-1/2

[Event "1. jun. liga - 2017."]
[Site "Sv. Filip i Jakov, TN "]
[Date "2017.04.20"]
[Round "3.2"]
[White "Pavic, Filip"]
[Black "Muha, Miljenko"]
[Result "1/2-1/2"]
[WhiteElo "2254"]
[BlackElo "2268"]
[PlyCount "74"]
[EventDate "2017.04.18"]

1. e4 e6 2. d4 d5 3. Nc3 Bb4 4. e5 c5 5. a3 Bxc3+ 6. bxc3 Qa5 7. Bd2 Qa4 8. Qg4
Kf8 9. Qd1 Ne7 10. Nf3 b6 11. dxc5 bxc5 12. c4 Ba6 13. cxd5 Bxf1 14. d6 Bxg2
15. dxe7+ Kxe7 16. Bg5+ f6 17. Qd6+ Kf7 18. exf6 Qe4+ 19. Be3 Kxf6 20. Ng5 Qd5
21. Qc7 e5 22. Rd1 Na6 23. Qa5 Qc6 24. Rg1 h6 25. Rxg2 hxg5 26. Rxg5 Rxh2 27.
Ke2 Nc7 28. Rdg1 Ne6 29. Rg6+ Kf7 30. Rxe6 Qxe6 31. Qc7+ Ke8 32. Qxg7 Rd8 33.
Qg8+ Qxg8 34. Rxg8+ Kd7 35. Rg7+ Kd6 36. Rxa7 Rh1 37. c4 Rc8 1/2-1/2

[Event "1. jun. liga - 2017."]
[Site "Sv. Filip i Jakov, TN "]
[Date "2017.04.20"]
[Round "3.2"]
[White "Starcevic, Ante Leon"]
[Black "Pavcevic, Bruno"]
[Result "1/2-1/2"]
[WhiteElo "2120"]
[BlackElo "2073"]
[PlyCount "100"]
[EventDate "2017.04.18"]

1. c4 e6 2. e4 d5 3. exd5 exd5 4. d4 Bb4+ 5. Nc3 Nf6 6. Nf3 O-O 7. Bd3 Re8+ 8.
Be3 Bg4 9. O-O Nbd7 10. a3 dxc4 11. Bxc4 Bd6 12. Qb3 Bxf3 13. Bxf7+ Kh8 14.
gxf3 Rf8 15. Be6 Nh5 16. Ne4 Bf4 17. Ng3 Ndf6 18. Qb5 Qd6 19. Bh3 Nxg3 20. hxg3
Bxe3 21. fxe3 Qxg3+ 22. Bg2 Rae8 23. Rae1 c6 24. Qe2 Nd5 25. Qf2 Qg6 26. f4 Qd3
27. Bxd5 cxd5 28. Qe2 Qg6+ 29. Qg2 Qd3 30. Qe2 Qg6+ 31. Qg2 Qh5 32. Rf3 Rf6 33.
Rg3 Ree6 34. Kf2 Rg6 35. Rg5 Rxg5 36. Qxg5 Qxg5 37. fxg5 Rb6 38. b4 Kg8 39. Kf3
Kf7 40. Kf4 Re6 41. Rc1 Re4+ 42. Kf3 Re7 43. Kf4 Re4+ 44. Kf3 Re7 45. Rc8 Ke6
46. Rh8 Kf5 47. Rd8 Kxg5 48. Rxd5+ Kf6 49. e4 Rc7 50. Rf5+ Ke6 1/2-1/2

[Event "1. jun. liga - 2017."]
[Site "Sv. Filip i Jakov, TN "]
[Date "2017.04.20"]
[Round "3.2"]
[White "Erenda, Bruno"]
[Black "Blazeka, Mihaela"]
[Result "0-1"]
[WhiteElo "2091"]
[BlackElo "2037"]
[PlyCount "86"]
[EventDate "2017.04.18"]

1. Nf3 Nf6 2. c4 e6 3. g3 b6 4. Bg2 Bb7 5. O-O c5 6. Nc3 d6 7. d4 cxd4 8. Qxd4
e5 9. Qd2 Ne4 10. Nxe4 Bxe4 11. Ng5 Bxg2 12. Kxg2 Qd7 13. b3 Nc6 14. Rd1 Be7
15. Ne4 Rd8 16. Bb2 O-O 17. Nc3 Qf5 18. Nd5 Bg5 19. Qd3 e4 20. Qc3 Bh6 21. Bc1
Bxc1 22. Raxc1 Rfe8 23. Ne3 Qh5 24. Qc2 f5 25. Nd5 Ne5 26. Rd4 Kf7 27. Nf4 Qh6
28. h4 Ng4 29. Rh1 Qf6 30. Rd5 g6 31. a4 Re7 32. a5 bxa5 33. Rxa5 Qd4 34. e3
Qxe3 35. Nd5 Qf3+ 36. Kg1 e3 37. fxe3 Qxg3+ 38. Kf1 Nxe3+ 39. Nxe3 Rxe3 40.
Rxa7+ Kf8 41. Ra1 Rf3+ 42. Ke2 Rf2+ 43. Kd1 Qf3+ 0-1

[Event "1. jun. liga - 2017."]
[Site "Sv. Filip i Jakov, TN "]
[Date "2017.04.20"]
[Round "3.2"]
[White "Markovic, Franjo-Josip"]
[Black "Balen, Teo"]
[Result "1-0"]
[WhiteElo "1979"]
[BlackElo "1995"]
[PlyCount "119"]
[EventDate "2017.04.18"]

1. d4 d5 2. c4 e6 3. Nc3 Be7 4. Nf3 Nf6 5. Bg5 O-O 6. e3 h6 7. Bh4 b6 8. cxd5
exd5 9. Be2 Bb7 10. Bxf6 Bxf6 11. b4 Qe7 12. Qb3 Rd8 13. O-O c6 14. a4 Na6 15.
Rfb1 Nc7 16. a5 b5 17. Bf1 a6 18. Re1 Qe6 19. Rad1 Qd6 20. Bd3 Bc8 21. Rc1 Be6
22. Bb1 Rac8 23. Ne2 Bg4 24. Nf4 Bxf3 25. gxf3 Bxd4 26. Qd3 Be5 27. Qh7+ Kf8
28. Nh5 Bb2 29. Rcd1 Bc3 30. Re2 Ne6 31. f4 Bxb4 32. f5 Ng5 33. Qxg7+ Ke8 34.
e4 Nf3+ 35. Kf1 Kd7 36. exd5 Nxh2+ 37. Kg2 Rg8 38. dxc6+ Kc7 39. Rxd6 Rxg7+ 40.
Nxg7 Bxd6 41. Ne8+ Kxc6 42. Nxd6 Kxd6 43. Kxh2 Rc4 44. Kg3 Ra4 45. Ba2 f6 46.
Bg8 Rxa5 47. Re6+ Kd7 48. Rxf6 Ra1 49. Be6+ Ke7 50. Rxh6 a5 51. Kf4 b4 52. Rh7+
Kd6 53. Rd7+ Kc6 54. Rd2 Re1 55. Bb3 Rh1 56. f6 Kb5 57. f7 Rh8 58. Kg5 a4 59.
Bxa4+ Kxa4 60. Kg6 1-0

[Event "1. jun. liga - 2017."]
[Site "Sv. Filip i Jakov, TN "]
[Date "2017.04.20"]
[Round "3.3"]
[White "Tica, Sven"]
[Black "Ghersinich, Enrico"]
[Result "0-1"]
[WhiteElo "2348"]
[BlackElo "2029"]
[PlyCount "92"]
[EventDate "2017.04.18"]

1. d4 Nf6 2. c4 c5 3. d5 b5 4. Qc2 bxc4 5. e4 d6 6. Bxc4 g6 7. Nc3 Bg7 8. Nf3
O-O 9. O-O Nbd7 10. Re1 Nb6 11. Bf1 e6 12. dxe6 Bxe6 13. Be3 Ng4 14. Rad1 Nxe3
15. Rxe3 Qe7 16. h3 Rab8 17. b3 Rfd8 18. Bb5 Qb7 19. Qe2 Bh6 20. Red3 a6 21.
Ba4 Bg7 22. Qc2 Nxa4 23. Nxa4 Qxe4 24. Ng5 Qf5 25. Nxe6 fxe6 26. g4 Qf8 27. Qc4
Bd4 28. Qxe6+ Kg7 29. R1d2 Re8 30. Qd7+ Re7 31. Qc6 Qf4 32. Qf3 Qe5 33. Rxd4
cxd4 34. Qd3 Qe1+ 35. Kh2 Qe5+ 36. Kg1 Qe1+ 37. Kh2 Re4 38. f3 Rf4 39. Re2 Qh4
40. Kg2 Rbf8 41. Rf2 h5 42. Qd2 hxg4 43. hxg4 Qf6 44. Qe2 d3 45. Qxd3 Rxg4+ 46.
Kf1 Qa1+ 0-1

[Event "1. jun. liga - 2017."]
[Site "Sv. Filip i Jakov, TN "]
[Date "2017.04.20"]
[Round "3.3"]
[White "Pahljina, Marko"]
[Black "Makovec, Bruno"]
[Result "1/2-1/2"]
[WhiteElo "1922"]
[BlackElo "2186"]
[PlyCount "129"]
[EventDate "2017.04.18"]

1. d4 Nf6 2. Nf3 e6 3. c4 Bb4+ 4. Nc3 b6 5. e3 Bb7 6. Bd3 Ne4 7. Qc2 f5 8. O-O
Bxc3 9. bxc3 O-O 10. Ba3 d6 11. Nd2 Nxd2 12. Qxd2 Nd7 13. f3 e5 14. f4 exf4 15.
Rxf4 g6 16. e4 fxe4 17. Bxe4 Bxe4 18. Rxe4 Nf6 19. Re2 Qd7 20. Rf1 Rae8 21. Bc1
Nh5 22. Ref2 Qe7 23. Rxf8+ Rxf8 24. Re1 Qf7 25. Qe2 Nf4 26. Bxf4 Qxf4 27. Qe3
Qf7 28. Qe6 Qxe6 29. Rxe6 Kf7 30. Re2 Rd8 31. Kf2 d5 32. cxd5 Rxd5 33. Ke3 Ke7
34. c4 Ra5 35. Kd3+ Kd7 36. Kc3 Ra3+ 37. Kb4 Rd3 38. d5 a6 39. Rf2 Ke7 40. g3
Rd1 41. Kc3 b5 42. Re2+ Kd7 43. Rc2 Kd6 44. Kb4 bxc4 45. Rxc4 Rxd5 46. Rh4 h5
47. Rf4 Rf5 48. Rd4+ Kc6 49. Re4 Rd5 50. Re6+ Rd6 51. Re5 Kb6 52. a4 Rf6 53.
a5+ Kc6 54. Rc5+ Kd6 55. Rc2 Rf5 56. Rd2+ Rd5 57. Rf2 c5+ 58. Kc3 Re5 59. Rb2
Kd5 60. Rd2+ Kc6 61. Rb2 Re6 62. Kc4 Re4+ 63. Kc3 Re6 64. Kc4 Re4+ 65. Kc3
1/2-1/2

[Event "1. jun. liga - 2017."]
[Site "Sv. Filip i Jakov, TN "]
[Date "2017.04.20"]
[Round "3.3"]
[White "Zadravec, Matija"]
[Black "Mainenti, Kevin"]
[Result "1-0"]
[WhiteElo "2119"]
[BlackElo "1816"]
[PlyCount "86"]
[EventDate "2017.04.18"]

1. e4 e5 2. Nf3 Nc6 3. Bb5 a6 4. Ba4 Bc5 5. O-O b5 6. Bb3 d6 7. h3 Nf6 8. Re1
O-O 9. c3 Bb7 10. d4 exd4 11. cxd4 Bb4 12. Nc3 h6 13. Bc2 Ba5 14. a3 b4 15.
axb4 Bxb4 16. Bd2 a5 17. Na2 Bxd2 18. Qxd2 Re8 19. d5 Ne5 20. Nd4 c5 21. dxc6
Nxc6 22. Nc3 Nb4 23. Ba4 Re5 24. f4 Nxe4 25. Qe3 Nxc3 26. fxe5 Nxa4 27. Rxa4
dxe5 28. Nf5 e4 29. Qc3 Qg5 30. Nd6 Qd5 31. Nxb7 Qxb7 32. Rea1 Qb6+ 33. Kh1 Nd3
34. Rxa5 Rxa5 35. Rxa5 Qxb2 36. Qc8+ Kh7 37. Qf5+ g6 38. Qxf7+ Qg7 39. Qa2 Ne5
40. Ra7 Nd7 41. Qd5 Nf6 42. Rxg7+ Kxg7 43. Qe6 g5 1-0

[Event "1. jun. liga - 2017."]
[Site "Sv. Filip i Jakov, TN "]
[Date "2017.04.20"]
[Round "3.4"]
[White "Saric, Luka"]
[Black "Tomulic, Teo"]
[Result "1/2-1/2"]
[WhiteElo "2129"]
[BlackElo "2271"]
[PlyCount "167"]
[EventDate "2017.04.18"]

1. Nf3 d5 2. d4 Nf6 3. c4 e6 4. g3 Be7 5. Bg2 O-O 6. O-O dxc4 7. Qc2 Nbd7 8.
Qxc4 Nb6 9. Qc2 Bd7 10. Nc3 Rc8 11. Ne5 Nfd5 12. Rd1 c5 13. Nxd7 Qxd7 14. dxc5
Bxc5 15. Qb3 Qe7 16. Ne4 Bb4 17. a3 Ba5 18. Rd4 Na8 19. Bd2 Bb6 20. Rd3 Nac7
21. Rd1 Na6 22. Qb5 Nc5 23. Nxc5 Rxc5 24. Qb3 Re8 25. e4 Nf6 26. Bb4 Ng4 27.
R3d2 Rb5 28. Qd3 Rxb4 29. axb4 Qxb4 30. Rf1 h6 31. h3 Ne5 32. Qc3 Qb5 33. Qc2
Ba5 34. Rdd1 Bb6 35. Kh2 a6 36. b3 Nc6 37. Qc4 Qh5 38. f4 e5 39. Bf3 Qg6 40. f5
Qf6 41. Rd7 Re7 42. Qd5 Bd4 43. Be2 Rxd7 44. Qxd7 Qg5 45. Bc4 Qf6 46. Qxb7 Nd8
47. Qxa6 Qg5 48. Qc8 Bb6 49. Qd7 Qe3 50. Qd3 Qc5 51. f6 g6 52. Ra1 Qf2+ 53. Kh1
Qxf6 54. Rf1 Qe7 55. Qd5 h5 56. h4 Bd4 57. b4 g5 58. hxg5 Kg7 59. g6 Kxg6 60.
Be2 h4 61. Bg4 hxg3 62. Kg2 Qh4 63. Bf5+ Kg7 64. Rh1 Qg5 65. Rh7+ Kg8 66. Qa2
Qe3 67. Rh1 Kg7 68. Rh7+ Kg8 69. Rh1 Kg7 70. Qc2 Kg8 71. Qd1 Kf8 72. Qg4 Qd2+
73. Kxg3 Qf2+ 74. Kh3 Qe3+ 75. Kg2 Qf2+ 76. Kh3 Qe3+ 77. Kh2 Qf2+ 78. Qg2 Qh4+
79. Bh3 Qf4+ 80. Qg3 Qd2+ 81. Bg2 Qh6+ 82. Qh3 Qf4+ 83. Qg3 Qh6+ 84. Qh3
1/2-1/2

[Event "1. jun. liga - 2017."]
[Site "Sv. Filip i Jakov, TN "]
[Date "2017.04.20"]
[Round "3.4"]
[White "Safar, Sandro"]
[Black "Cotic, Borna"]
[Result "1-0"]
[WhiteElo "2126"]
[BlackElo "1985"]
[PlyCount "77"]
[EventDate "2017.04.18"]

1. e4 c5 2. Nc3 e6 3. f4 d5 4. d3 Nf6 5. e5 Nfd7 6. Nf3 Nc6 7. g3 Be7 8. Bg2 b5
9. O-O b4 10. Ne2 Bb7 11. c3 O-O 12. Be3 a5 13. d4 cxd4 14. cxd4 Nb6 15. b3 a4
16. g4 axb3 17. axb3 Rxa1 18. Qxa1 Qa8 19. Qe1 Qa2 20. Nc1 Qb1 21. f5 exf5 22.
Nd2 Qa1 23. gxf5 f6 24. Qg3 Nxd4 25. Bh6 Nxf5 26. Rxf5 Qxc1+ 27. Rf1 Qc5+ 28.
Kh1 g6 29. Bxf8 Bxf8 30. exf6 Qd6 31. Qh4 Nd7 32. Bh3 Ne5 33. Qd4 Nf7 34. Nf3
Qc5 35. Rd1 Qxd4 36. Nxd4 Ng5 37. Be6+ Nxe6 38. Nxe6 Kf7 39. Nd8+ 1-0

[Event "1. jun. liga - 2017."]
[Site "Sv. Filip i Jakov, TN "]
[Date "2017.04.20"]
[Round "3.4"]
[White "Simunic, Krunoslav"]
[Black "Batory, Lucija"]
[Result "1/2-1/2"]
[WhiteElo "1947"]
[BlackElo "1676"]
[PlyCount "68"]
[EventDate "2017.04.18"]

1. d4 d5 2. c4 e6 3. Nc3 c6 4. Nf3 dxc4 5. a4 Bb4 6. e3 b5 7. Bd2 a5 8. axb5
Bxc3 9. Bxc3 cxb5 10. b3 Bb7 11. d5 Nf6 12. bxc4 b4 13. Bxf6 Qxf6 14. Qa4+ Nd7
15. Nd4 Qe7 16. Nb3 O-O 17. Be2 exd5 18. O-O dxc4 19. Nxa5 Qg5 20. f3 Qxe3+ 21.
Rf2 Qc3 22. Rb1 Nc5 23. Qb5 Nd3 24. Bxd3 Qxd3 25. Qxb4 Ba6 26. Rd2 Qe3+ 27. Kh1
Rac8 28. Rc1 Rfd8 29. Rdc2 h6 30. h3 Qe5 31. Qc3 Qf5 32. Qb4 Qe5 33. Qc3 Qf5
34. Qb4 Qe5 1/2-1/2

[Event "1. jun. liga - 2017."]
[Site "Sv. Filip i Jakov, TN "]
[Date "2017.04.20"]
[Round "3.4"]
[White "Troselj, Ivan"]
[Black "Juric Cvitanovic, Katislav"]
[Result "1-0"]
[WhiteElo "1690"]
[BlackElo "1812"]
[PlyCount "71"]
[EventDate "2017.04.18"]

1. e4 c5 2. Nf3 d6 3. c3 Nf6 4. h3 g6 5. Bd3 Bg7 6. Bc2 O-O 7. O-O Nc6 8. d4
cxd4 9. cxd4 Nb4 10. Bb3 d5 11. e5 Ne4 12. Nc3 Nxc3 13. bxc3 Nc6 14. Be3 b5 15.
Qd2 a5 16. Bh6 a4 17. Bc2 Na5 18. Bd3 Bd7 19. Bxg7 Kxg7 20. Rab1 Rb8 21. Nh2 h5
22. f4 Nc4 23. Bxc4 bxc4 24. Rxb8 Qxb8 25. g4 hxg4 26. hxg4 a3 27. f5 f6 28.
Qe3 Qb7 29. exf6+ exf6 30. fxg6 Kxg6 31. g5 Bf5 32. gxf6 Rxf6 33. Nf3 Qb2 34.
Qg5+ Kf7 35. Ne5+ Ke6 36. Qg8+ 1-0